Tuyển tập các bài điền từ, đạt câu, biến đổi câu tiếng Anh

Đã lưu trong:
Chi tiết về thư mục
Định dạng: Sách
Được phát hành: 2005
Các nhãn: Thêm thẻ
Không có thẻ, Là người đầu tiên thẻ bản ghi này!
Thư viện lưu trữ: Mạng thư viện Đại học Đà Nẵng
LEADER 00492nam a22001811a 4500
001 000037429
003 13724
005 20160412020342.0
008 160412s2005 000
082 |a 4A(07)567-69 
245 |a Tuyển tập các bài điền từ, đạt câu, biến đổi câu tiếng Anh  |c Lê Văn Sự 
260 |c 2005 
OWN |a LNN 
999 |a From the UDN01 
TYP |a Monograph 
980 |a Mạng thư viện Đại học Đà Nẵng